000 00483cam a2200181 4500
001 D10012
008 090401t1982 xxu||||| |||| 00| 0 eng d
035 _a(Sirsi) u363
041 _aeng
050 _a332.153
110 _aWorld Bank
_93112
245 _aGuidelines for financial reporting and auditing of projects financed by the World Bank
260 _aWashington,D.C
_bThe World Bank
_c1982
300 _a31p. 22 x 10cm
350 _a0
942 _n0
948 _c04/03/1997
999 _c85540
_d85540